Gaming Quiz

Random Gaming or Video Games Quiz

'80s Video Games Quiz Stats

 Plays Quiz Updated Mar 29, 2018

Score 0/30 Timer 06:00
13 Plays Today
Game % Correct
Pac-Man
92.4%
Frogger
78.2%
Super Mario Bros.
78.2%
Tetris
76.7%
Street Fighter
68.6%
Paperboy
66.4%
Dig Dug
57.8%
Q*bert
54.6%
The Legend of Zelda
51%
Pitfall!
50.6%
Centipede
48%
Castlevania
42.4%
Rampage
42.1%
Galaga
41.9%
Double Dragon
36.3%
Game % Correct
Joust
26.7%
Spy Hunter
26.1%
BurgerTime
23.5%
Missile Command
23.1%
Altered Beast
19.3%
Defender
18.4%
Dragon's Lair
18.2%
Gauntlet
17.9%
Out Run
17.4%
Arkanoid
17.1%
Tempest
13.4%
Zaxxon
9.7%
Moon Patrol
9.2%
Qix
8.1%
Pengo
3.6%

You're not logged in!

Compare scores with friends on all Sporcle quizzes.
OR
Log In

Sporcle TV

Today on Sporcle TV


Watch our educational content, quiz creation guides, and fun videos on Sporcle TV.

Show Comments

Extras

Top Quizzes Today


Score Distribution

Your Account Isn't Verified!

In order to create a playlist on Sporcle, you need to verify the email address you used during registration. Go to your Sporcle Settings to finish the process.

Report this User

Report this user for behavior that violates our Community Guidelines.

Details: